[Event "Porto Sant Elpidio op-B 9th"]
[Site "Porto Sant Elpidio"]
[Date "2006.11.26"]
[Round "5"]
[White "Procaccini, Luciano"]
[Black "Di Blasio, Walter"]
[Result "1-0"]
[WhiteElo "1682"]
[BlackElo "1700"]
[PlyCount "61"]
[EventDate "2006.11.18"]
[EventType "swiss"]
[EventRounds "6"]
[EventCountry "ITA"]
[SourceTitle "EXT 2011"]
[Source "ChessBase"]
[SourceDate "2010.11.26"]
[SourceVersion "1"]
[SourceVersionDate "2010.11.26"]
[SourceQuality "1"]

1. Nf3 Nf6 2. g3 c5 3. Bg2 Nc6 4. d3 d5 5. 0-0 e5 6. Ng5 h6 7. Nf3 Be6 8. Nbd2 Qd7 9. b3 Bh3 10. c4 d4 11. Re1 Bd6 12. Bh1 g5 13. e4 Nb4 14. Nb1 Bg4 15. a3 Nc6 16. Nbd2 0-0 17. Nf1 a6 18. Qd2 Nh7 19. h4 f6 20. hxg5 fxg5 21. N1h2 Bh5 22. Bg2 Rf7 23. Rf1 Bxf3 24. Bxf3 Nf6 25. Qe2 Raf8 26. Ng4 Nxg4 27. Bxg4 Qe7 28. Bf5 Qf6 29. Qg4 Ne7 30. Be6 Qf3 31. Qxf3 1-0

[Event "Porto Sant Elpidio op-B 9th"]
[Site "Porto Sant Elpidio"]
[Date "2006.11.19"]
[Round "2"]
[White "Di Blasio, Walter"]
[Black "Cellini, Francesco M"]
[Result "1-0"]
[WhiteElo "1700"]
[BlackElo "1527"]
[PlyCount "88"]
[EventDate "2006.11.18"]
[EventType "swiss"]
[EventRounds "6"]
[EventCountry "ITA"]
[SourceTitle "EXT 2011"]
[Source "ChessBase"]
[SourceDate "2010.11.26"]
[SourceVersion "1"]
[SourceVersionDate "2010.11.26"]
[SourceQuality "1"]

1. Nf3 d5 2. g3 Nf6 3. Bg2 Bg4 4. d3 Nc6 5. Nbd2 e5 6. h3 Bd7 7. e4 d4 8. 0-0 b5 9. a4 a6 10. axb5 axb5 11. Rxa8 Qxa8 12. c3 Bc5 13. Nb3 Qa7 14. Bd2 0-0 15. Qc2 Re8 16. cxd4 Bxd4 17. Nfxd4 Nxd4 18. Nxd4 Qxd4 19. Be3 Qd6 20. Rc1 c6 21. Bc5 Qc7 22. Ra1 Rb8 23. Ra7 Qc8 24. Bd6 Rb6 25. Qc5 Ra6 26. Rxa6 Qxa6 27. Bxe5 Qa1+ 28. Kh2 Qd1 29. Qd6 Qh5 30. Bxf6 gxf6 31. Qxd7 Qc5 32. Qf5 Qd4 33. e5 fxe5 34. Bxc6 Qxb2 35. Be8 Qb3 36. Qxe5 Qxd3 37. Bxb5 Qf3 38. Qf4 Qxf4 39. gxf4 Kg7 40. Kg3 Kg6 41. Be8 h6 42. f5+ Kf6 43. Kg4 Kg7 44. Kh5 f6 1-0

[Event "Porto Sant Elpidio op-B 8th"]
[Site "Porto Sant Elpidio"]
[Date "2005.11.27"]
[Round "6"]
[White "Di Blasio, Walter"]
[Black "Ragnini, Damiano"]
[Result "1/2-1/2"]
[WhiteElo "1691"]
[BlackElo "1532"]
[PlyCount "170"]
[EventDate "2005.11.19"]
[EventType "swiss"]
[EventRounds "6"]
[EventCountry "ITA"]
[SourceTitle "EXT 2024"]
[Source "ChessBase"]
[SourceDate "2023.10.10"]
[SourceVersion "1"]
[SourceVersionDate "2023.10.10"]
[SourceQuality "1"]

1. d4 Nf6 2. c4 c5 3. d5 d6 4. Nc3 e6 5. e4 exd5 6. exd5 Be7 7. Bd3 Bg4 8. f3 Bh5 9. Nge2 Nbd7 10. Bf4 a6 11. g4 Bg6 12. Bxg6 hxg6 13. Qa4 Nh7 14. Ne4 Bh4+ 15. N2g3 0-0 16. Bxd6 Re8 17. 0-0 Nb6 18. Qc2 Nf6 19. Bxc5 Nbd7 20. Bf2 Ne5 21. Bd4 Nfd7 22. Nd6 Re7 23. Nge4 Qc7 24. c5 b5 25. Nxb5 Qb7 26. d6 Nxf3+ 27. Rxf3 Rxe4 28. c6 Rxg4+ 29. Kh1 Qxb5 30. cxd7 Rxd4 31. Qc8+ Rxc8 32. dxc8Q+ Kh7 33. Qh3 Qd5 34. d7 Rd1+ 35. Rxd1 Qxd1+ 36. Rf1 Qd5+ 37. Qf3 Qxd7 38. Qxf7 Qb5 39. b3 Qc6+ 40. Qf3 Qc2 41. a4 Bf6 42. Qh3+ Kg8 43. Qe6+ Kh7 44. Qc4 Qd2 45. Rxf6 gxf6 46. Qf7+ Kh6 47. Qf8+ Kg5 48. h4+ Kg4 49. Qxf6 Qe1+ 50. Kg2 Qg3+ 51. Kf1 Qh3+ 52. Ke2 Qh2+ 53. Kd3 Qg3+ 54. Kc4 Qc7+ 55. Kb4 a5+ 56. Kb5 Qb7+ 57. Kc5 Qxb3 58. Qg5+ Kh3 59. Qf4 Qc3+ 60. Kb5 Qe1 61. Qg5 Qc3 62. Qxg6 Qd2 63. Kb6 Kxh4 64. Qc6 Qd8+ 65. Qc7 Qd2 66. Qc4+ Kg5 67. Qc5+ Kf6 68. Qxa5 Qd4+ 69. Kc6 Ke6 70. Qe1+ Kf7 71. a5 Qc4+ 72. Kb6 Qd4+ 73. Kb7 Qd7+ 74. Kb6 Qd4+ 75. Kc6 Qc4+ 76. Kd6 Qd4+ 77. Kc6 Qc4+ 78. Kd6 Qd4+ 79. Kc7 Qc5+ 80. Kd8 Qd6+ 81. Kc8 Qc6+ 82. Kb8 Qb5+ 83. Ka7 Qc5+ 84. Ka6 Qc6+ 85. Ka7 Qc7+ 1/2-1/2

[Event "Porto Sant Elpidio op-B 7th"]
[Site "Porto Sant Elpidio"]
[Date "2004.11.21"]
[Round "5"]
[White "Di Blasio, Walter"]
[Black "Serafini, Gino"]
[Result "1/2-1/2"]
[WhiteElo "1643"]
[BlackElo "1506"]
[PlyCount "149"]
[EventDate "2004.11.13"]
[EventType "swiss"]
[EventRounds "6"]
[EventCountry "ITA"]
[SourceTitle "EXT 2024"]
[Source "ChessBase"]
[SourceDate "2023.10.10"]
[SourceVersion "1"]
[SourceVersionDate "2023.10.10"]
[SourceQuality "1"]

1. e4 c5 2. Nc3 Nc6 3. Nge2 g6 4. d4 cxd4 5. Nxd4 Bg7 6. Be3 Nf6 7. Nxc6 bxc6 8. Bd3 0-0 9. 0-0 Qc7 10. f3 d6 11. Qd2 Re8 12. Bc4 Rb8 13. Bb3 Ba6 14. Rfd1 Red8 15. Qf2 c5 16. Rab1 h5 17. e5 dxe5 18. Bxc5 Rxd1+ 19. Rxd1 Rd8 20. Rxd8+ Qxd8 21. g3 e4 22. fxe4 e6 23. Qe1 Qa8 24. h3 Nd7 25. Bf2 Ne5 26. Qe3 Nc6 27. Ba4 Nd4 28. Nd1 Ne2+ 29. Kh2 h4 30. c3 Qb8 31. Kg2 hxg3 32. Bxg3 Nxg3 33. Qxg3 Be5 34. Qf3 Qd8 35. Qe3 Qf6 36. Nf2 Bb8 37. Bd1 Bb7 38. Be2 Qe5 39. Kf1 Qf6 40. Qf3 Qg5 41. Qg2 Qc1+ 42. Nd1 Qf4+ 43. Qf3 Qxe4 44. Qxe4 Bxe4 45. b4 f5 46. Nf2 Bb1 47. a4 e5 48. Bc4+ Kg7 49. Bd3 Bxd3+ 50. Nxd3 e4 51. Nc5 Kh6 52. Nd7 Bg3 53. Nf6 Kg5 54. Nd5 f4 55. Kg2 Be1 56. Kf1 Bd2 57. Ke2 e3 58. c4 Kf5 59. Ne7+ Ke4 60. Nxg6 f3+ 61. Kd1 f2 62. Ke2 Bxb4 63. Nh4 Bd2 64. Ng6 f1Q+ 65. Kxf1 Kd3 66. Nf4+ Kxc4 67. Ke2 Kb4 68. Nd5+ Kxa4 69. Nxe3 Bxe3 70. Kxe3 Kb3 71. h4 a5 72. h5 a4 73. h6 a3 74. h7 a2 75. h8Q 1/2-1/2

[Event "Porto Sant Elpidio op-B 7th"]
[Site "Porto Sant Elpidio"]
[Date "2004.11.21"]
[Round "6"]
[White "Rinaldi, Raffaele"]
[Black "Di Blasio, Walter"]
[Result "1/2-1/2"]
[WhiteElo "1556"]
[BlackElo "1643"]
[PlyCount "45"]
[EventDate "2004.11.13"]
[EventType "swiss"]
[EventRounds "6"]
[EventCountry "ITA"]
[SourceTitle "EXT 2024"]
[Source "ChessBase"]
[SourceDate "2023.10.10"]
[SourceVersion "1"]
[SourceVersionDate "2023.10.10"]
[SourceQuality "1"]

1. e4 e5 2. Nf3 Nf6 3. Nc3 Nc6 4. Bb5 Nd4 5. Bc4 Nxf3+ 6. Qxf3 Be7 7. d3 d6 8. h3 c6 9. Bd2 b5 10. Bb3 0-0 11. g4 Be6 12. Bxe6 fxe6 13. Qg3 a5 14. g5 Nh5 15. Qg4 Nf4 16. Bxf4 Rxf4 17. Qxe6+ Kh8 18. Ne2 Rf3 19. Ng3 Bxg5 20. Nf5 Bh4 21. 0-0-0 Qf6 22. Qxd6 Qxd6 23. Nxd6 1/2-1/2

[Event "Porto Sant Elpidio op-B 6th"]
[Site "Porto Sant Elpidio"]
[Date "2003.11.23"]
[Round "6"]
[White "Di Blasio, Walter"]
[Black "Olivieri, Gianni"]
[Result "1-0"]
[WhiteElo "1447"]
[BlackElo "1600"]
[PlyCount "37"]
[EventDate "2003.11.15"]
[EventType "swiss"]
[EventRounds "6"]
[EventCountry "ITA"]
[SourceTitle "EXT 2024"]
[Source "ChessBase"]
[SourceDate "2023.10.10"]
[SourceVersion "1"]
[SourceVersionDate "2023.10.10"]
[SourceQuality "1"]

1. d4 d5 2. Nf3 Nf6 3. Bf4 Bf5 4. e3 e6 5. Bd3 Bxd3 6. Qxd3 Nbd7 7. Nbd2 c5 8. c3 c4 9. Qc2 b5 10. Ne5 Nxe5 11. Bxe5 Bd6 12. Nf3 Ng4 13. Bxg7 f5 14. Bxh8 Kd7 15. Be5 Be7 16. h3 Nf6 17. a4 b4 18. Bxf6 b3 19. Bxe7 1-0

[Event "Porto Sant Elpidio op-B 5th"]
[Site "Porto Sant Elpidio"]
[Date "2002.11.10"]
[Round "6"]
[White "Di Blasio, Walter"]
[Black "Gasparroni, Riccardo"]
[Result "1/2-1/2"]
[WhiteElo "1537"]
[BlackElo "1632"]
[PlyCount "81"]
[EventDate "2002.11.02"]
[EventType "swiss"]
[EventRounds "6"]
[EventCountry "ITA"]
[SourceTitle "EXT 2024"]
[Source "ChessBase"]
[SourceDate "2023.10.10"]
[SourceVersion "1"]
[SourceVersionDate "2023.10.10"]
[SourceQuality "1"]

1. Nf3 d5 2. c4 dxc4 3. Na3 Bg4 4. Ne5 Bf5 5. g4 Qd5 6. Rg1 Qxe5 7. gxf5 Qxh2 8. Rg2 Qh4 9. Qa4+ Nd7 10. Qxc4 Qxc4 11. Nxc4 g6 12. d4 Bg7 13. d5 Ngf6 14. e4 Nxe4 15. Bd3 Nd6 16. Bf4 Nxc4 17. Bxc4 Bxb2 18. Rb1 Bc3+ 19. Ke2 b6 20. Rg3 Be5 21. Bxe5 Nxe5 22. Bb5+ Kf8 23. f4 a6 24. Ba4 b5 25. fxe5 bxa4 26. Rb7 h5 27. fxg6 fxg6 28. Rxg6 Kf7 29. Rg1 Rad8 30. Rf1+ Kg6 31. Rxc7 Rxd5 32. Rxe7 h4 33. Rff7 h3 34. Rf6+ Kg5 35. Rg7+ Kh4 36. Rf4+ Kh5 37. Rgg4 Rxe5+ 38. Kf2 Rhe8 39. Rh4+ Kg5 40. Rhg4+ Kh5 41. Rh4+ 1/2-1/2

[Event "Castelfidardo op 6th"]
[Site "Castelfidardo"]
[Date "2002.10.27"]
[Round "5"]
[White "Di Blasio, Walter"]
[Black "Perogio, Lorenzo"]
[Result "0-1"]
[WhiteElo "1537"]
[BlackElo "1518"]
[PlyCount "126"]
[EventDate "2002.10.19"]
[EventType "swiss"]
[EventRounds "6"]
[EventCountry "ITA"]
[SourceTitle "EXT 2007"]
[Source "ChessBase"]
[SourceDate "2006.11.23"]
[SourceVersion "1"]
[SourceVersionDate "2006.11.23"]
[SourceQuality "1"]

1. d4 Nf6 2. c4 e6 3. Nc3 Bb4 4. Qc2 c5 5. a3 Bxc3+ 6. Qxc3 cxd4 7. Qxd4 Nc6 8. Qh4 Qb6 9. Nf3 Na5 10. b4 Nb3 11. Be3 Qa6 12. Ra2 d5 13. Ne5 Ne4 14. f3 Nc3 15. Rc2 Qxa3 16. Nd3 Qa1+ 17. Bc1 Na2 18. Qf4 Nbxc1 19. Nxc1 Nxb4 20. Qd2 Nxc2+ 21. Qxc2 Qa5+ 22. Kf2 Qc5+ 23. e3 Bd7 24. Nb3 Qc7 25. Bd3 dxc4 26. Rc1 Qxh2 27. Qxc4 0-0 28. Qc7 Qxc7 29. Rxc7 Bc6 30. Na5 Rac8 31. Re7 Rfe8 32. Nxc6 bxc6 33. Rxa7 c5 34. Ra4 g6 35. f4 Red8 36. Bc4 h5 37. g3 Rd6 38. Kf3 Rb6 39. Ra7 Rb4 40. Ba2 c4 41. Bxc4 Rbxc4 42. Ra6 Rc3 43. Kf2 Rb3 44. Ra2 Kg7 45. Kf3 Kf6 46. Kf2 Kf5 47. Ra5+ Kf6 48. Ra2 Rc5 49. Kf3 Rcc3 50. Re2 g5 51. Re1 g4+ 52. Kf2 Rb2+ 53. Re2 Rcc2 54. Rxc2 Rxc2+ 55. Kf1 Kf5 56. Ke1 Ke4 57. Kd1 Rh2 58. f5 Kxe3 59. f6 Kf3 60. Kc1 Ke3 61. Kd1 Rg2 62. Kc1 Kd3 63. Kb1 Kc3 0-1

[Event "Castelfidardo op 6th"]
[Site "Castelfidardo"]
[Date "2002.10.19"]
[Round "1"]
[White "Di Blasio, Walter"]
[Black "Rinaudo, Andrea"]
[Result "0-1"]
[WhiteElo "1537"]
[BlackElo "1873"]
[PlyCount "42"]
[EventDate "2002.10.19"]
[EventType "swiss"]
[EventRounds "6"]
[EventCountry "ITA"]
[SourceTitle "EXT 2007"]
[Source "ChessBase"]
[SourceDate "2006.11.23"]
[SourceVersion "1"]
[SourceVersionDate "2006.11.23"]
[SourceQuality "1"]

1. Nf3 Nf6 2. Nc3 c5 3. e4 d6 4. Bb5+ Bd7 5. Qe2 e5 6. 0-0 Nc6 7. h3 Be7 8. d3 0-0 9. Be3 Nd4 10. Bxd4 cxd4 11. Bxd7 dxc3 12. Ba4 cxb2 13. Rab1 a6 14. Rxb2 b5 15. Bb3 Qd7 16. Ng5 h6 17. Nxf7 Rxf7 18. Bxf7+ Kxf7 19. f4 Kg8 20. fxe5 dxe5 21. Qf3 Qd4+ 0-1